[Event "MrDodgy Invitational 2"]
[Site "chess24.com INT"]
[Date "2021.05.13"]
[Round "1.3"]
[White "Svidler, Peter"]
[Black "Fressinet, Laurent"]
[Result "0-1"]
[WhiteTitle "GM"]
[BlackTitle "GM"]
[WhiteElo "2714"]
[BlackElo "2638"]
[WhiteFideId "4102142"]
[BlackFideId "608742"]
[EventDate "2021.05.12"]
[EventType "k.o."]

1. Nf3 d5 2. g3 g6 3. Bg2 Bg7 4. O-O Nf6 5. b3 Ne4 6. d4 O-O 7. Bb2 c6 8. e3 a5
9. c4 Bf5 10. Qe2 a4 11. b4 Nd7 12. a3 Nb6 13. Nbd2 Bg4 14. cxd5 cxd5 15. Rac1
Nxd2 16. Qxd2 Nc4 17. Qc3 Bxf3 18. Bxf3 e6 19. b5 Qa5 20. Be2 Rfc8 21. Qxa5 Rxa5
22. Rc2 Rxb5 23. Ra1 Rxb2 0-1

[Event "MrDodgy Invitational 2"]
[Site "chess24.com INT"]
[Date "2021.05.13"]
[Round "1.4"]
[White "Fressinet, Laurent"]
[Black "Svidler, Peter"]
[Result "0-1"]
[WhiteTitle "GM"]
[BlackTitle "GM"]
[WhiteElo "2638"]
[BlackElo "2714"]
[WhiteFideId "608742"]
[BlackFideId "4102142"]
[EventDate "2021.05.12"]
[EventType "k.o."]

1. Nf3 d5 2. d4 Bf5 3. c4 e6 4. Nc3 Nf6 5. cxd5 exd5 6. Bg5 c6 7. Qb3 Qb6 8.
Bxf6 gxf6 9. e3 Nd7 10. Be2 Qxb3 11. axb3 a6 12. Nh4 Be6 13. Bd3 Nb6 14. Nf5 Nc8
15. Ne2 Bb4+ 16. Kd1 Ne7 17. Neg3 Nxf5 18. Nxf5 Kd7 19. h4 h5 20. Ke2 Rag8 21.
g3 Kc7 22. Rhg1 Kb6 23. f4 c5 24. dxc5+ Bxc5 25. Nd4 Bg4+ 26. Kf2 Re8 27. Rge1
Bb4 28. Red1 Re7 29. Be2 Bd7 30. Rd3 Bc5 31. Rad1 a5 32. Bf3 Be6 33. Nc2 Bf5 34.
R3d2 Bxc2 35. Rxc2 Rxe3 36. Kg2 d4 37. Bd5 Rg8 38. Kh2 Rgxg3 39. Bxf7 Rh3+ 40.
Kg2 Reg3+ 0-1

[Event "MrDodgy Invitational 2"]
[Site "chess24.com INT"]
[Date "2021.05.13"]
[Round "1.5"]
[White "Svidler, Peter"]
[Black "Fressinet, Laurent"]
[Result "1/2-1/2"]
[WhiteTitle "GM"]
[BlackTitle "GM"]
[WhiteElo "2714"]
[BlackElo "2638"]
[WhiteFideId "4102142"]
[BlackFideId "608742"]
[EventDate "2021.05.12"]
[EventType "k.o."]

1. b3 g6 2. Bb2 Nf6 3. Bxf6 exf6 4. c4 d5 5. cxd5 Qxd5 6. Nc3 Qa5 7. e3 Bf5 8.
Nf3 Ba3 9. Nd4 Bb2 10. Nxf5 Bxa1 11. Bb5+ c6 12. Qxa1 O-O 13. Nh6+ Kg7 14. Ng4
Nd7 15. Ne4 Qd8 16. Be2 h5 17. h3 Qe7 18. Ngxf6 Nxf6 19. Ng5 Rad8 20. Nf3 Kg8
21. O-O Ne4 22. d4 Qf6 23. Rc1 Kg7 24. Bd3 Rfe8 25. Qb2 Ng5 26. Nxg5 Qxg5 27.
Be2 Qf6 28. b4 a6 29. Bf3 Kg8 30. a4 Rd6 31. Rc5 Red8 32. Qc3 Re8 33. Qc2 Red8
34. Qe2 Re8 35. Qd1 Red8 36. g3 Re8 37. h4 Red8 38. Kg2 Re8 39. Qc2 Red8 40. Qb2
Re8 41. b5 axb5 42. axb5 Ree6 43. bxc6 bxc6 44. Qb7 Kg7 45. Qc7 Re7 46. Qb8 Ree6
47. Qb2 Rd8 48. Qc2 Rdd6 49. Be2 Rd8 50. Bf3 Rdd6 51. Be2 Rd5 52. Bf3 Rxc5 53.
Qxc5 Rd6 54. d5 cxd5 55. Bxd5 Qe5 56. e4 Rf6 57. Qc2 Qd4 58. Qe2 Rd6 59. Qf3 Rf6
60. Qe2 Rb6 61. Qf3 Qf6 62. Qe2 Rb2 63. Qe3 Qb6 64. Qf4 Qf6 65. Qe3 Qb6 66. Qf4
Qf6 67. Qe3 1/2-1/2

[Event "MrDodgy Invitational 2"]
[Site "chess24.com INT"]
[Date "2021.05.13"]
[Round "1.6"]
[White "Fressinet, Laurent"]
[Black "Svidler, Peter"]
[Result "1-0"]
[WhiteTitle "GM"]
[BlackTitle "GM"]
[WhiteElo "2638"]
[BlackElo "2714"]
[WhiteFideId "608742"]
[BlackFideId "4102142"]
[EventDate "2021.05.12"]
[EventType "k.o."]

1. Nf3 Nf6 2. g3 d5 3. Bg2 g6 4. c4 d4 5. b4 c5 6. bxc5 Nc6 7. O-O Bg7 8. d3 O-O
9. Nbd2 Nd7 10. Nb3 e5 11. Ng5 Nf6 12. Rb1 Qe7 13. Ne4 Nxe4 14. Bxe4 Bh3 15. Re1
f5 16. Bd5+ Kh8 17. Bd2 f4 18. Na5 Nxa5 19. Bxa5 Rab8 20. Bb4 Qf6 21. Bf3 Rf7
22. Ba3 g5 23. c6 g4 24. Bd5 fxg3 25. fxg3 Qf2+ 26. Kh1 Rf3 27. Rg1 Re3 28. Qe1 1-0

[Event "MrDodgy Invitational 2"]
[Site "chess24.com INT"]
[Date "2021.05.13"]
[Round "1.7"]
[White "Svidler, Peter"]
[Black "Fressinet, Laurent"]
[Result "0-1"]
[WhiteTitle "GM"]
[BlackTitle "GM"]
[WhiteElo "2714"]
[BlackElo "2638"]
[WhiteFideId "4102142"]
[BlackFideId "608742"]
[EventDate "2021.05.12"]
[EventType "k.o."]

1. Nf3 d5 2. c4 e6 3. e3 Nf6 4. b3 c5 5. Bb2 Nc6 6. cxd5 exd5 7. Be2 d4 8. Bb5
Bd6 9. O-O O-O 10. Bxc6 bxc6 11. h3 Ba6 12. Re1 Nd5 13. Ba3 Re8 14. exd4 Rxe1+
15. Qxe1 cxd4 16. Qe4 c5 17. d3 Nf4 18. Ne5 Bxe5 19. Qxe5 Nxd3 20. Qg3 Qb8 21.
Qxb8+ Rxb8 22. Nd2 Re8 23. Nf1 Re2 24. Ng3 Rxf2 25. Bxc5 Bb7 0-1

[Event "MrDodgy Invitational 2"]
[Site "chess24.com INT"]
[Date "2021.05.13"]
[Round "1.8"]
[White "Fressinet, Laurent"]
[Black "Svidler, Peter"]
[Result "0-1"]
[WhiteTitle "GM"]
[BlackTitle "GM"]
[WhiteElo "2638"]
[BlackElo "2714"]
[WhiteFideId "608742"]
[BlackFideId "4102142"]
[EventDate "2021.05.12"]
[EventType "k.o."]

1. Nf3 c5 2. c3 b6 3. d4 Bb7 4. d5 Nf6 5. c4 b5 6. Nbd2 g6 7. e4 Bg7 8. cxb5 a6
9. b6 d6 10. a4 Qxb6 11. a5 Qc7 12. Bd3 O-O 13. O-O Bc8 14. h3 Bd7 15. Nc4 Bb5
16. Re1 Nbd7 17. Bd2 Rfb8 18. Bc3 Ne8 19. Nfd2 Bxc3 20. bxc3 Bxc4 21. Nxc4 Ne5
22. Nxe5 dxe5 23. Qe2 Nd6 24. Ra4 Rb3 25. Rc1 Qb7 26. Qe3 Rc8 27. Qe2 Qd7 28.
Raa1 c4 29. Bc2 Rxc3 30. Qe1 Nb5 31. Ba4 Rxc1 32. Rxc1 Qd6 33. Rb1 Nd4 0-1

[Event "MrDodgy Invitational 2"]
[Site "chess24.com INT"]
[Date "2021.05.13"]
[Round "1.9"]
[White "Svidler, Peter"]
[Black "Fressinet, Laurent"]
[Result "0-1"]
[WhiteTitle "GM"]
[BlackTitle "GM"]
[WhiteElo "2714"]
[BlackElo "2638"]
[WhiteFideId "4102142"]
[BlackFideId "608742"]
[EventDate "2021.05.12"]
[EventType "k.o."]

1. c4 Nf6 2. Nc3 c5 3. g3 e6 4. Bg2 d5 5. cxd5 exd5 6. d4 cxd4 7. Qxd4 Nc6 8.
Qa4 d4 9. Ne4 Nxe4 10. Bxe4 Bb4+ 11. Kf1 Be7 12. Kg2 O-O 13. Nf3 Re8 14. Qc2 h6
15. Bf4 Bf6 16. Rad1 Qe7 17. Bh7+ Kh8 18. Bd3 Nb4 19. Qd2 Nxd3 20. Qxd3 Be6 21.
b3 Bd5 22. Rhe1 g5 23. Bc1 g4 24. Qf5 Be6 25. Qh5 gxf3+ 26. exf3 Kg8 27. Bxh6
Qd7 28. Re4 Bf5 29. Rf4 Re5 30. Rdxd4 Bh3+ 31. Qxh3 Qxh3+ 32. Kxh3 Rh5+ 33. Kg4
Rxh6 34. Rd6 Bg7 35. Rxh6 Bxh6 36. Rc4 Rd8 37. Rc7 Rd2 38. a4 Rxf2 39. Rxb7 a5
40. f4 Rxh2 41. Rb5 Rb2 42. Kf5 Bf8 43. Rxa5 Rxb3 44. Rb5 Rxg3 45. a5 Ra3 46.
Ke5 Kg7 47. Kd5 Ra4 48. f5 Kf6 49. Kc6 Bh6 50. Kb7 Be3 51. a6 Bd4 52. Rd5 Be3
53. Rb5 Bf2 54. Rd5 Rb4+ 55. Kc8 Ra4 56. Kb7 Kg5 57. Rb5 f6 58. Rd5 Rb4+ 59. Kc8
Rc4+ 60. Kb7 Rc1 61. a7 Rb1+ 0-1

[Event "MrDodgy Invitational 2"]
[Site "chess24.com INT"]
[Date "2021.05.13"]
[Round "1.1"]
[White "Van Foreest, Jorden"]
[Black "Howell, David W L"]
[Result "1-0"]
[WhiteTitle "GM"]
[BlackTitle "GM"]
[WhiteElo "2701"]
[BlackElo "2658"]
[WhiteFideId "1039784"]
[BlackFideId "410608"]
[EventDate "2021.05.12"]
[EventType "k.o."]

1. e4 c6 2. d4 d5 3. f3 Qb6 4. Nc3 e6 5. a3 Be7 6. Be3 Nd7 7. Nh3 Ngf6 8. Nf2
O-O 9. e5 Nxe5 10. Na4 Qa5+ 11. Bd2 Qxa4 12. dxe5 Nd7 13. f4 f6 14. Qg4 fxe5 15.
Qxe6+ Rf7 16. O-O-O e4 17. Nxe4 Nb6 18. Qxf7+ Kxf7 19. Nc3 Qd4 20. Bd3 Bd6 21.
Kb1 Bg4 22. Rdf1 g6 23. h3 Bf5 24. Ne2 Qf6 25. Bc3 Qe7 26. Bxf5 gxf5 27. Nd4 Na4
28. Bd2 Qf6 29. c3 Nc5 30. g4 Ne4 31. Be1 fxg4 32. hxg4 Kg8 33. g5 Qf7 34. f5
Rf8 35. Rfg1 Be5 36. g6 Qd7 37. Ne6 h5 38. Nxf8 Kxf8 39. Rxh5 Nf6 40. g7+ 1-0

[Event "MrDodgy Invitational 2"]
[Site "chess24.com INT"]
[Date "2021.05.13"]
[Round "1.2"]
[White "Howell, David W L"]
[Black "Van Foreest, Jorden"]
[Result "1-0"]
[WhiteTitle "GM"]
[BlackTitle "GM"]
[WhiteElo "2658"]
[BlackElo "2701"]
[WhiteFideId "410608"]
[BlackFideId "1039784"]
[EventDate "2021.05.12"]
[EventType "k.o."]

1. Nf3 d5 2. g3 a5 3. Bg2 a4 4. O-O g6 5. d4 Bg7 6. c4 dxc4 7. Nc3 Nf6 8. Ne5
Ng4 9. Nxc4 Bxd4 10. h3 Be6 11. hxg4 Bxc4 12. Bxb7 Ra7 13. Bd5 Bxc3 14. Bxc4
Qxd1 15. Rxd1 Bg7 16. Rb1 O-O 17. Be3 Rb7 18. Rd2 Rb4 19. b3 axb3 20. Bxb3 Rxg4
21. Rc1 c6 22. Kg2 h5 23. Bc4 Be5 24. a4 Bc7 25. Bc5 Re8 26. e3 h4 27. Kf3 Rg5
28. gxh4 Rxc5 29. Bxf7+ Kxf7 30. Rxc5 Bd6 31. Rc1 Nd7 32. Ke2 c5 33. a5 Ra8 34.
Ra2 Ne5 35. a6 Nc6 36. Ra4 Ra7 37. f4 Nb4 38. Rca1 c4 39. Kd2 Ke6 40. Kc3 Nd5+
41. Kd4 Nb6 42. Ra5 Rd7 43. Ke4 c3 44. a7 Na8 45. Ra6 Rc7 46. Rc1 Kf7 47. Kd3
Bb4 48. Ra4 Rd7+ 49. Ke4 Bc5 50. Rxc3 Bxa7 51. Rca3 Bc5 52. Rxa8 Bxa3 53. Rxa3
Rd1 54. Kf3 Rh1 55. Kg3 Rc1 56. Ra5 Rc8 57. Re5 Rc1 58. Rg5 Rg1+ 59. Kf3 Rb1 60.
h5 gxh5 61. Rxh5 Rf1+ 62. Ke4 Ra1 63. Rd5 Ke8 64. Rd4 Ra6 65. Rd5 Rh6 66. Re5
Kf7 67. Rf5+ Ke8 68. Rg5 Kf7 69. Kf3 Ra6 70. Rg3 e5 71. Kg4 exf4 72. Rf3 Rg6+
73. Kxf4 Rf6+ 74. Ke4 Rxf3 75. Kxf3 Kf6 76. Ke2 Ke6 77. Kf2 Ke5 78. Kf3 Kf5 79.
Kg3 Ke5 80. Kf2 Ke4 81. Ke2 Ke5 82. Kd3 Kd5 83. e4+ 1-0

[Event "MrDodgy Invitational 2"]
[Site "chess24.com INT"]
[Date "2021.05.13"]
[Round "1.3"]
[White "Van Foreest, Jorden"]
[Black "Howell, David W L"]
[Result "0-1"]
[WhiteTitle "GM"]
[BlackTitle "GM"]
[WhiteElo "2701"]
[BlackElo "2658"]
[WhiteFideId "1039784"]
[BlackFideId "410608"]
[EventDate "2021.05.12"]
[EventType "k.o."]

1. b3 e5 2. Bb2 Nc6 3. e3 d5 4. Bb5 Bd6 5. f4 f6 6. Qh5+ g6 7. Qh4 exf4 8. Nc3
Ne7 9. O-O-O O-O 10. Bxc6 bxc6 11. exf4 c5 12. Nf3 Bb7 13. Rhe1 Qd7 14. Kb1 Rae8
15. Qf2 d4 16. Ne4 Nd5 17. Nxd4 cxd4 18. Qxd4 Be7 19. Qc4 Qc6 20. Qd4 Qb6 21.
Qc4 Qc6 22. Qd4 Nxf4 23. Ng5 Nxg2 24. Re6 Qd5 25. Qxa7 fxg5 26. Re5 Qf3 27. Rc1
c5 28. Rxe7 Rxe7 29. Qxc5 Re1 30. Rxe1 Nxe1 31. Qc4+ Bd5 0-1

[Event "MrDodgy Invitational 2"]
[Site "chess24.com INT"]
[Date "2021.05.13"]
[Round "1.4"]
[White "Howell, David W L"]
[Black "Van Foreest, Jorden"]
[Result "1-0"]
[WhiteTitle "GM"]
[BlackTitle "GM"]
[WhiteElo "2658"]
[BlackElo "2701"]
[WhiteFideId "410608"]
[BlackFideId "1039784"]
[EventDate "2021.05.12"]
[EventType "k.o."]

1. Nf3 d5 2. g3 g6 3. Bg2 Bg7 4. d4 Nf6 5. c4 c6 6. cxd5 cxd5 7. Ne5 O-O 8. Nc3
Nc6 9. O-O Bf5 10. Bf4 h5 11. Rc1 h4 12. Nxc6 bxc6 13. Qd2 Rc8 14. Be5 hxg3 15.
hxg3 Ng4 16. Bf4 e5 17. dxe5 Nxe5 18. b3 Re8 19. Na4 Qe7 20. Rfe1 Ng4 21. Nc5
Rcd8 22. b4 Bf6 23. Nb3 g5 24. Be3 Nxe3 25. Qxe3 Qxe3 26. fxe3 Rxe3 27. Rf1 Bb2
28. Rxf5 Bxc1 29. Rxg5+ Kf8 30. Nxc1 Rc3 31. Nd3 Rc2 32. Kf2 Rxa2 33. Rh5 a5 34.
bxa5 Rxa5 35. Bf3 Kg7 36. Nf4 Rh8 37. Re5 Kf6 38. Re3 Rh2+ 39. Kg1 Rh8 40. Rc3
Ra6 41. Nd3 Rb6 42. Kf2 Ke6 43. Rc1 Kd6 44. Rc2 Rh2+ 45. Kg1 Rh8 46. Kf2 Rc8 47.
Nf4 Rcb8 48. Nd3 Rb1 49. g4 Ra1 50. Kg3 Rba8 51. Kf4 R8a2 52. Rc3 Ra3 53. Rc2
R1a2 54. Rc1 Ra1 55. Rc2 Rf1 56. Ne5 c5 57. Nxf7+ Ke6 58. Ng5+ Kd6 59. Rd2 Ra4+
60. Kf5 d4 61. Ne4+ Ke7 62. g5 Ra5 63. Kf4 Ke6 64. g6 Rg1 65. Bg4+ Ke7 66. Rb2
Ra7 67. Nxc5 Kf6 68. Rb6+ Kg7 69. Bf5 Re7 70. Ne6+ Kh6 71. Nxd4 Rf1+ 72. Kg4
Rg1+ 73. Kf4 Rf1+ 74. Nf3 Rxe2 75. Rb7 Rxf3+ 76. Kxf3 Re5 77. Kf4 Rxf5+ 78. Kxf5 1-0

[Event "MrDodgy Invitational 2"]
[Site "chess24.com INT"]
[Date "2021.05.13"]
[Round "1.5"]
[White "Van Foreest, Jorden"]
[Black "Howell, David W L"]
[Result "1-0"]
[WhiteTitle "GM"]
[BlackTitle "GM"]
[WhiteElo "2701"]
[BlackElo "2658"]
[WhiteFideId "1039784"]
[BlackFideId "410608"]
[EventDate "2021.05.12"]
[EventType "k.o."]

1. e4 c6 2. d4 d5 3. Nd2 dxe4 4. Nxe4 Nf6 5. Nxf6+ exf6 6. Bd3 Bd6 7. Qh5 Qc7 8.
Bd2 Be6 9. Ne2 Nd7 10. c4 g6 11. Qf3 c5 12. d5 Ne5 13. Qe3 Nxd3+ 14. Qxd3 Bf5
15. Qe3+ Kf8 16. Qh6+ Kg8 17. Bc3 Be5 18. O-O-O Re8 19. Rhe1 g5 20. d6 Qd8 21.
Bxe5 Rxe5 22. Ng3 Bg6 23. Rxe5 fxe5 24. d7 f6 25. Nh5 Bxh5 26. Qxh5 Kg7 27. Qf3
Qb6 28. Rd3 Rd8 29. Qf5 Qa6 30. b3 b5 31. cxb5 Qxb5 32. Rd6 1-0

[Event "MrDodgy Invitational 2"]
[Site "chess24.com INT"]
[Date "2021.05.13"]
[Round "1.6"]
[White "Howell, David W L"]
[Black "Van Foreest, Jorden"]
[Result "1-0"]
[WhiteTitle "GM"]
[BlackTitle "GM"]
[WhiteElo "2658"]
[BlackElo "2701"]
[WhiteFideId "410608"]
[BlackFideId "1039784"]
[EventDate "2021.05.12"]
[EventType "k.o."]

1. Nf3 d5 2. g3 g6 3. Bg2 Bg7 4. d4 Nf6 5. O-O O-O 6. c4 c6 7. b3 a5 8. Nc3 Bf5
9. Bb2 Ne4 10. e3 Nxc3 11. Bxc3 Be4 12. Qe2 a4 13. Rfc1 Nd7 14. cxd5 cxd5 15.
Qb5 axb3 16. axb3 Rxa1 17. Rxa1 Qc7 18. Bb4 Nb8 19. Bc5 Na6 20. Ba3 Rc8 21. Ne1
Bxg2 22. Kxg2 Qc6 23. Qxc6 Rxc6 24. Bxe7 Rb6 25. Rc1 f6 26. Rc3 Kf7 27. Ba3 Rb5
28. Nd3 Ra5 29. Bb4 Ra2 30. g4 g5 31. Bd6 Ke6 32. Bg3 Bf8 33. h4 Ra3 34. hxg5
fxg5 35. Kf3 Bd6 36. Bxd6 Kxd6 37. Ne5 Ke6 38. Nd3 Kd6 39. Ne5 Ke6 40. Kg3 h6
41. Rc8 Rxb3 42. Rh8 Nb4 43. Rxh6+ Ke7 44. Rb6 1-0

[Event "MrDodgy Invitational 2"]
[Site "chess24.com INT"]
[Date "2021.05.13"]
[Round "1.7"]
[White "Van Foreest, Jorden"]
[Black "Howell, David W L"]
[Result "1/2-1/2"]
[WhiteTitle "GM"]
[BlackTitle "GM"]
[WhiteElo "2701"]
[BlackElo "2658"]
[WhiteFideId "1039784"]
[BlackFideId "410608"]
[EventDate "2021.05.12"]
[EventType "k.o."]

1. e4 g6 2. d4 Bg7 3. Nf3 c6 4. c4 d5 5. cxd5 cxd5 6. e5 Bg4 7. Be2 Nc6 8. Nbd2
f6 9. O-O fxe5 10. dxe5 e6 11. Qa4 Nh6 12. h3 Bxf3 13. Nxf3 O-O 14. Be3 Nf7 15.
Bc5 Re8 16. Bb5 Nfxe5 17. Nxe5 Bxe5 18. Rfe1 Bxb2 19. Rab1 Qf6 20. Bxc6 bxc6 21.
Qxc6 Rac8 22. Qd7 Qf7 23. Qxf7+ Kxf7 24. Bxa7 Rc2 25. a3 Ra8 26. Bc5 h5 27. Re3
Rxc5 28. Rxb2 d4 29. Re4 Rd5 30. Rd2 Rxa3 31. Rexd4 Rxd4 1/2-1/2

[Event "MrDodgy Invitational 2"]
[Site "chess24.com INT"]
[Date "2021.05.13"]
[Round "1.8"]
[White "Howell, David W L"]
[Black "Van Foreest, Jorden"]
[Result "1-0"]
[WhiteTitle "GM"]
[BlackTitle "GM"]
[WhiteElo "2658"]
[BlackElo "2701"]
[WhiteFideId "410608"]
[BlackFideId "1039784"]
[EventDate "2021.05.12"]
[EventType "k.o."]

1. Nf3 Nf6 2. g3 g6 3. Bg2 Bg7 4. O-O O-O 5. c4 d6 6. d4 Nbd7 7. Nc3 e5 8. e4 c6
9. h3 exd4 10. Nxd4 Re8 11. Be3 Nc5 12. Qc2 Qe7 13. Rfe1 Nfxe4 14. Nxe4 Nxe4 15.
Bxe4 Qxe4 16. Bd2 Bf5 17. Rxe4 Bxe4 18. Qc3 c5 19. Be3 Bc6 20. Qd3 cxd4 21. Bxd4
Bxd4 22. Qxd4 d5 23. cxd5 Rad8 24. Qxa7 Rxd5 25. Rc1 Rd2 26. b4 Rc2 27. Rf1 h5
28. a4 Ra2 29. a5 h4 30. gxh4 Ra3 31. Kh2 Rb3 32. h5 Re4 33. hxg6 Rh4 34. gxf7+
Kxf7 35. f3 Rb2+ 36. Kg3 Rhxb4 37. h4 Rc4 38. Qe3 Rcc2 39. Qf4+ Kg7 40. Qe5+ Kf7
41. Qf5+ Kg7 42. Rg1 Kh6 43. h5 1-0

[Event "MrDodgy Invitational 2"]
[Site "chess24.com INT"]
[Date "2021.05.13"]
[Round "1.9"]
[White "Van Foreest, Jorden"]
[Black "Howell, David W L"]
[Result "1-0"]
[WhiteTitle "GM"]
[BlackTitle "GM"]
[WhiteElo "2701"]
[BlackElo "2658"]
[WhiteFideId "1039784"]
[BlackFideId "410608"]
[EventDate "2021.05.12"]
[EventType "k.o."]

1. d4 Nf6 2. Nf3 g6 3. c4 Bg7 4. Nc3 d5 5. h4 O-O 6. cxd5 Nxd5 7. h5 Nxc3 8.
bxc3 Bg4 9. hxg6 hxg6 10. Qb3 Bxf3 11. gxf3 b6 12. e3 Nd7 13. Bd3 Nc5 14. Qc2
Nxd3+ 15. Qxd3 c5 16. Qe4 e6 17. Bd2 Rc8 18. a4 Re8 19. f4 Qd7 20. Ke2 Rc7 21.
a5 b5 22. a6 Rb8 23. Rhb1 Qc6 24. Qxc6 Rxc6 25. Ra5 Bf8 26. Rbxb5 Rxb5 27. Rxb5
cxd4 28. exd4 Rxa6 29. c4 Rb6 30. Ra5 Rb7 31. c5 Be7 32. Ra6 Kf8 33. c6 Rc7 34.
Kd3 Ke8 35. Kc4 Rc8 36. Bb4 Bd8 37. Bc5 Bc7 38. Rxa7 Bd8 39. d5 exd5+ 40. Kxd5
Bc7 41. Bd6 Bxd6 42. Kxd6 Rd8+ 43. Kc5 Rd2 44. Ra8+ Ke7 45. Ra4 Rxf2 46. Rd4
Rc2+ 47. Kb6 f6 48. c7 Ke6 49. Rd8 Kf5 50. c8=Q+ Rxc8 51. Rxc8 g5 52. Rc4 1-0

[Event "MrDodgy Invitational 2"]
[Site "chess24.com INT"]
[Date "2021.05.13"]
[Round "1.10"]
[White "Howell, David W L"]
[Black "Van Foreest, Jorden"]
[Result "0-1"]
[WhiteTitle "GM"]
[BlackTitle "GM"]
[WhiteElo "2658"]
[BlackElo "2701"]
[WhiteFideId "410608"]
[BlackFideId "1039784"]
[EventDate "2021.05.12"]
[EventType "k.o."]

1. Nf3 d5 2. g3 Nc6 3. d4 Bf5 4. Bg2 Nb4 5. Na3 e6 6. O-O h5 7. c3 Nc6 8. Nc2 h4
9. Ne3 Be4 10. Nxh4 Rxh4 11. gxh4 Qxh4 12. Qe1 Bd6 13. f4 Qh7 14. Bxe4 Qxe4 15.
Qh4 Nf6 16. Qh8+ Bf8 17. Qh3 O-O-O 18. Qg2 Qh7 19. Rf3 g6 20. Ng4 Ne4 21. Nf2
Nd6 22. Rh3 Qg7 23. e4 dxe4 24. Nxe4 Nf5 25. Be3 Nce7 26. Rf1 Nd5 27. Bd2 Be7
28. Rf2 Kb8 29. Ng3 Nd6 30. Ne4 Nf5 31. Ng3 Qf6 32. Nxf5 Qxf5 33. Qf1 Bd6 34.
Qd3 Qg4+ 35. Rg3 Qh5 36. Rh3 Qd1+ 37. Rf1 Qg4+ 38. Rg3 Qh4 39. Rh3 Qf6 40. Qe4
c6 41. Kg2 Bc7 42. Rff3 Qe7 43. Qe2 Qd7 44. Qe4 Nf6 45. Qe2 Qd5 46. b3 Qf5 47.
Qd3 Qd5 48. Be3 Rg8 49. c4 Qd7 50. Qe2 Nh5 51. Rxh5 gxh5+ 52. Rg3 Rh8 53. Rg5 h4
54. h3 Bd8 55. Rg7 Bf6 56. Rg4 Bxd4 57. Bxd4 Qxd4 58. f5 Qd6 59. fxe6 fxe6 60.
Rg5 Ka8 61. Rg4 a6 62. a4 e5 63. a5 Qf6 64. Qf2 Qe7 65. Qe3 Rf8 66. Rg5 Qf6 0-1

[Event "MrDodgy Invitational 2"]
[Site "chess24.com INT"]
[Date "2021.05.13"]
[Round "1.11"]
[White "Van Foreest, Jorden"]
[Black "Howell, David W L"]
[Result "1/2-1/2"]
[WhiteTitle "GM"]
[BlackTitle "GM"]
[WhiteElo "2701"]
[BlackElo "2658"]
[WhiteFideId "1039784"]
[BlackFideId "410608"]
[EventDate "2021.05.12"]
[EventType "k.o."]

1. e4 g6 2. d4 Bg7 3. Nf3 c6 4. h3 d5 5. Nbd2 dxe4 6. Nxe4 Nf6 7. Nxf6+ exf6 8.
Bc4 O-O 9. O-O a5 10. a4 Na6 11. d5 cxd5 12. Bxd5 Nb4 13. Bb3 Qc7 14. Nd4 Rd8
15. c3 Nc6 16. Nb5 Qe7 17. Qe1 Be6 18. Bxe6 fxe6 19. Qe2 Rd7 20. Be3 e5 21. Rfd1
Rad8 22. Bb6 Rxd1+ 23. Rxd1 Rxd1+ 24. Qxd1 Qe6 25. Bxa5 Bf8 26. Bb6 Kg7 27. b3
g5 28. c4 Bb4 29. Nc7 Qf5 30. Be3 Bc3 31. g4 Qc8 32. Qd6 e4 33. Ne6+ Kf7 34. Nc5
Ne7 35. Nxe4 Be5 36. Qd3 h5 37. f3 hxg4 38. hxg4 Qh8 39. Nf2 Qh2+ 40. Kf1 Bf4
41. Bxf4 Qxf4 42. Qh7+ Kf8 43. Qe4 Qc1+ 44. Kg2 Qb2 45. Qd3 Kf7 46. Kf1 Ng6 47.
Nd1 Qc1 48. Qd5+ Kf8 49. Qd8+ Kg7 50. Kf2 Nf4 51. Ne3 Qb2+ 52. Kg3 Ne2+ 53. Kh3
Ng1+ 54. Kg3 Ne2+ 55. Kh3 Ng1+ 56. Kg3 Qe5+ 57. Kf2 Qh2+ 58. Kf1 Qe2+ 59. Kxg1
Qxe3+ 60. Kg2 Qe2+ 61. Kg3 Qe1+ 62. Kg2 Qe2+ 63. Kg3 Qe5+ 64. Kf2 Qb2+ 65. Ke3
Qxb3+ 66. Ke4 Qxc4+ 67. Qd4 Qc6+ 68. Ke3 Qe8+ 69. Kd2 Qf7 70. Qd3 Qa2+ 71. Kc3
Qxa4 72. Kd2 Qc6 73. Ke3 Qc7 74. Qd4 Qb6 75. f4 Qxd4+ 76. Kxd4 gxf4 77. Ke4 Kg6
78. Kf3 Kg5 79. Ke4 f5+ 80. Kd4 Kxg4 81. Ke5 f3 82. Ke6 Kg3 83. Kd7 f2 84. Kc8
f1=Q 85. Kb8 Qe2 86. Kc8 Qd3 87. Kb8 Qd4 88. Ka8 Qc4 89. Kb8 Qc5 90. Ka8 1/2-1/2

[Event "MrDodgy Invitational 2"]
[Site "chess24.com INT"]
[Date "2021.05.13"]
[Round "1.12"]
[White "Howell, David W L"]
[Black "Van Foreest, Jorden"]
[Result "1-0"]
[WhiteTitle "GM"]
[BlackTitle "GM"]
[WhiteElo "2658"]
[BlackElo "2701"]
[WhiteFideId "410608"]
[BlackFideId "1039784"]
[EventDate "2021.05.12"]
[EventType "k.o."]

1. e4 c6 2. d4 d5 3. Nd2 dxe4 4. Nxe4 Nd7 5. Ng5 h6 6. Ne6 Qb6 7. Nxf8 Nxf8 8.
Be2 Nf6 9. c3 Bf5 10. Nf3 Ng6 11. O-O O-O 12. Re1 Rad8 13. h3 Qc7 14. Bf1 Rfe8
15. Qb3 Be4 16. Nd2 Bd5 17. Qc2 c5 18. dxc5 Qxc5 19. Nb3 Qc7 20. Be3 Nh4 21.
Rad1 a6 22. Rd4 Ng6 23. Red1 e6 24. Qe2 Rc8 25. c4 Bc6 26. R4d2 Nf4 27. Bxf4
Qxf4 28. Nd4 h5 29. Nxc6 Rxc6 30. g3 Qc7 31. h4 Rc5 32. Qf3 Rf5 33. Qg2 b5 34.
Bd3 Rc5 35. b3 b4 36. Be2 a5 37. Qf3 a4 38. Qe3 axb3 39. axb3 Ra5 40. Rd6 Ra3
41. Bf3 Rc8 42. Rc6 Qb8 43. Rxc8+ Qxc8 44. Qb6 Qa6 45. Rd8+ Kh7 46. Qxa6 Rxa6
47. Rb8 Nd7 48. Rxb4 Nc5 49. Rb5 Nd7 50. Rxh5+ Kg6 51. Rb5 Ra1+ 52. Kg2 Rc1 53.
Bc6 Nf6 54. Rg5+ Kh6 55. Re5 Rc2 56. Bf3 Rb2 57. Re3 Nd7 58. g4 Nc5 59. g5+ Kg6
60. Kg3 Nxb3 61. Be4+ f5 62. gxf6+ Kxf6 63. Bf3 Nd4 64. Bg4 Rc2 65. Re4 Rc3+ 66.
Kg2 e5 67. f4 Nc6 68. fxe5+ Nxe5 69. Be2 g6 70. Rf4+ Kg7 71. Kf2 Kh6 72. Kg2 Nd7
73. Rg4 Nf6 74. Rf4 Rc2 75. Rxf6 Rxe2+ 76. Kg3 Rc2 77. Rf4 Rc3+ 78. Kg4 Rc1 79.
Rd4 Rg1+ 80. Kf4 Kg7 81. Ke5 Ra1 82. c5 Kf7 83. c6 Ke7 84. Rd7+ Ke8 85. Rg7 Rd1
86. Rxg6 Kd8 87. h5 Kc7 88. h6 Rh1 89. Kf6 Kxc6 90. Kg7+ Kd7 91. h7 Rxh7+ 92.
Kxh7 1-0